| 000 | 00472nam a2200157Ia 4500 | ||
|---|---|---|---|
| 008 | 220216s9999 xx 000 0 und d | ||
| 100 | _aChai L P | ||
| 245 | 0 | _aNatural rubber/polybutadiene blends in truck tyre precured retreading | |
| 260 | _bProceedings of the International Rubber Technology Conference, Malaysia 1988; p492-510 | ||
| 650 | _aTruck tyre | ||
| 700 | _aHassshim S | ||
| 700 | _aNewell R | ||
| 700 | _aOthman S | ||
| 700 | _aSang S T M | ||
| 942 | _cJS | ||
| 999 |
_c63659 _d63659 |
||